How does the chartered surveyor in general practice operate in France (Record no. 99120)
[ view plain ]
| 000 -LEADER | |
|---|---|
| fixed length control field | 00501cam a2200181 4500 |
| 001 - CONTROL NUMBER | |
| control field | D11507 |
| 008 - FIXED-LENGTH DATA ELEMENTS--GENERAL INFORMATION | |
| fixed length control field | 090401t xxu||||| |||| 00| 0 eng d |
| 035 ## - SYSTEM CONTROL NUMBER | |
| System control number | (Sirsi) u98216 |
| 041 ## - LANGUAGE CODE | |
| Language code of text/sound track or separate title | eng |
| 050 ## - LIBRARY OF CONGRESS CALL NUMBER | |
| Classification number | 333.330944 |
| 100 ## - MAIN ENTRY--PERSONAL NAME | |
| Personal name | Simpson, Noel |
| 245 ## - TITLE STATEMENT | |
| Title | How does the chartered surveyor in general practice operate in France |
| 300 ## - PHYSICAL DESCRIPTION | |
| Extent | 6p |
| 350 ## - PRICE (NR) (BK AM CF MU VM SE) [OBSOLETE] | |
| Price | 0 |
| 520 ## - SUMMARY, ETC. | |
| Summary, etc. | In: RICS. Anglo-French collaboration in property development and management...1972/19 |
| 942 ## - ADDED ENTRY ELEMENTS (KOHA) | |
| Suppress in OPAC | 0 |
| 948 ## - LOCAL PROCESSING INFORMATION (OCLC); SERIES PART DESIGNATOR (RLIN) | |
| c (OCLC) | 04/03/1997 |
| Withdrawn status | Lost status | Source of classification or shelving scheme | Damaged status | Not for loan | Home library | Current library | Shelving location | Date acquired | Total Checkouts | Full call number | Barcode | Date last seen | Copy number | Price effective from | Koha item type | Date last checked out |
|---|---|---|---|---|---|---|---|---|---|---|---|---|---|---|---|---|
| Other/Generic Classification Scheme | London | London | RICS Boxes | 19/04/2001 | RICS 1972/19 | 98216-1001 | 06/08/2019 | 1 | 06/08/2019 | Reference material | ||||||
| Other/Generic Classification Scheme | London | London | Books | 04/12/2002 | 1 | RICS 1972/19 | 30062612 | 06/08/2019 | 2 | 06/08/2019 | Book | 04/12/2002 |